Česko-slovenské právo sociálneho zabezpečenia

Na minha lista:
Detalhes bibliográficos
Autor principal: Trella, Rudolf
Formato: Livro
Idioma:eslovaco
Publicado em: Bratislava Univerzita Komenského 1991
Edição:1. vyd.
Assuntos:
Tags: Adicionar Tag
Sem tags, seja o primeiro a adicionar uma tag!

MARC

LEADER 00000nam a2200000 4500
001 c003021
005 20221214093336.9
020 |a 80-223-0404-2 
041 0 |a slo 
044 |a SK 
245 1 0 |a Česko-slovenské právo sociálneho zabezpečenia  |c Rudolf Trella a kol. 
250 |a 1. vyd. 
264 1 |a Bratislava  |b Univerzita Komenského  |c 1991 
300 |a 154 s. 
610 2 0 |a právo sociálne 
610 2 0 |a zabezpečenie sociálne 
610 2 0 |a pojmy 
610 2 0 |a ČSFR 
610 2 0 |a poistenie sociálne 
610 2 0 |a poistenie nemocenské 
610 2 0 |a zabezpečenie dôchodkové 
610 2 0 |a starostlivosť sociálna 
610 2 0 |a reformy sociálne 
100 1 |a Trella, Rudolf